Natural circulation : presented at the winter annual meeting of the American Society of Mechanical Engineers, Boston, Massachusetts, December 13-18, 1987 /

Bibliographic Details
Corporate Authors: American Society of Mechanical Engineers. Winter Annual Meeting, American Society of Mechanical Engineers. Fluids Engineering Division, American Society of Mechanical Engineers. Heat Transfer Division
Other Authors: Kim, J. H., Hassan, Y. A.
Format: Book
Language:English
Published: New York, N.Y. : ASME, [1987]
Series:FED (Series) ; v. 61.
HTD (Series) ; v. 92.
Subjects:

MARC

Tag First Indicator Second Indicator Subfields
LEADER 00000cam a2200000 a 4500
001 in00000016891
005 20151007053326.0
008 880201s1987 nyua b 10010 eng d
010 |a  87073095  
035 |a (OCoLC)17414781 
035 |9 AAB1230AM 
040 |a TXA  |c TXA  |d VPI  |d TXA  |d UtOrBLW 
049 |a TXAM  |c [A11051338] 
050 4 |a TA357  |b .A476 1987 
110 2 |a American Society of Mechanical Engineers.  |b Winter Annual Meeting  |d (1987 :  |c Boston, Mass.) 
245 1 0 |a Natural circulation :  |b presented at the winter annual meeting of the American Society of Mechanical Engineers, Boston, Massachusetts, December 13-18, 1987 /  |c sponsored by the Multiphase Flow Committee of the Fluids Engineering Division, ASME, the Nucleonics Heat Transfer (K-13) Committee of the Heat Transfer Division, ASME ;  |c edited by J.H. Kim, Y.A. Hassan. 
264 1 |a New York, N.Y. :  |b ASME,  |c [1987] 
264 4 |c ©1987 
300 |a vi, 393 pages :  |b illustrations ;  |c 28 cm. 
336 |a text  |b txt  |2 rdacontent 
337 |a unmediated  |b n  |2 rdamedia 
338 |a volume  |b nc  |2 rdacarrier 
490 1 |a FED ;  |v vol. 61 
490 1 |a HTD ;  |v vol. 92 
504 |a Includes bibliographical references. 
650 0 |a Fluid dynamics  |v Congresses. 
650 0 |a Heat  |x Transmission  |v Congresses. 
700 1 |a Kim, J. H. 
700 1 |a Hassan, Y. A. 
710 2 |a American Society of Mechanical Engineers.  |b Fluids Engineering Division. 
710 2 |a American Society of Mechanical Engineers.  |b Heat Transfer Division. 
830 0 |a FED (Series) ;  |v v. 61. 
830 0 |a HTD (Series) ;  |v v. 92. 
999 |a MARS 
999 f f |s 79f5b99a-f3a6-336f-af24-87a7fc6d1dff  |i 64d373c9-ed7b-3eef-b628-fb0c83d73c14  |t 0 
952 f f |p ric  |a Texas A&M University  |b Rellis Campus  |c Joint Library Facility  |d Remote Storage  |t 0  |e TA357 .A476 1987  |h Library of Congress classification  |i unmediated -- volume  |m A14811051338 
998 f f |a TA357 .A476 1987  |t 0  |l Remote Storage